000 00635nam a2200205Ii 4500
003 JO-AjNU
008 230605s9999||||xx |||||||||||||| ||und||
040 _aJO-AjNU
_bara
_erda
_cJO-AjNU
041 _aara
050 1 4 _aBP130.Z3388
100 3 _aالزفزاف،محمد,
_eauthor
_934607
245 0 0 _aالتعريف بالقرآن والحديث
250 _aط3 منقحة
264 3 1 _aالكويت:مكتبة الفلاح ،د.ت
300 _a280ص
336 _atext
_btxt
_2rdacontent
337 _aunmediated
_bn
_2rdamedia
338 _avolume
_bnc
_2rdacarrier
650 4 _aالقرآن الكريم-علوم
_934608
999 _aA14207
_c17775
_d17775